000
00349 a2200169 4500
001
186533
020
_a
85-10-03036-7
040
_c
Magnum
100
_a
Belinky, Tatiana
240
1
0
_a
Curto-circuito
_l
por
245
1
0
_a
Curto-circuito
300
_a
22
362
0
_a
2001
440
1
_a
Do Brasil
697
_a
LITERATURA INFANTO
942
_c
BK
999
_c
186533
_d
186533